Responses for Show #7939 - Thursday, February 28, 2019

2019 All-Star Games wildcard match, game 1.

Contestants

[<< previous game]

Team Austin

Playing the Jeopardy! Round: Roger Craig, a machine learning consultant from Newark, Delaware

Playing the Double Jeopardy! Round: Austin Rogers, a bartender from New York, New York

Playing the Final Jeopardy! Round: Leonard Cooper, a graduate student at Brown University from Little Rock, Arkansas

Team Colby

Playing the Jeopardy! Round: Pam Mueller, a think tank researcher from Culver City, California

Playing the Double Jeopardy! Round: Colby Burnett, a college counselor from Chicago, Illinois

Playing the Final Jeopardy! Round: Alan Lin, a software engineer from Riverside, California

Team Buzzy

Playing the Jeopardy! Round: Alex Jacob, a freelance trivia writer from Greensboro, North Carolina

Playing the Double Jeopardy! Round: Buzzy Cohen, a music executive from Los Angeles, California

Playing the Final Jeopardy! Round: Jennifer Giles, a third grade teacher from Longmont, Colorado

[next game >>]

Jeopardy! Round responses

WEIGHTS & MEASURES
CITIES
FROM THE "PEN" OF WEBSTER'S THIRD
(Alex: Hey now...)
YOU'RE AN ALL-STAR
GET YOUR GAME ON
GO PLAY
    $200 27
45

Roger
    $200 14
Tripoli

Alex
    $200 26
penultimate

Alex
    $200 30
Kareem Abdul-Jabbar

Alex
    $200 29
War Games

Roger
    $200 23
The Odd Couple

Alex
    $400 21
600

Roger
    $400 22
(Pam: What is Corpus Christi?)

San Antonio

AlexPam
    $400 20
a penthouse

Alex
    $400 28
the Green Bay Packers

Alex
    $400 24
zero-sum

Roger
    $400 25
Frost/Nixon

Pam
    $600 11
tonnage

Pam
    $600 4
(Roger: What is Tallahassee?)

Columbus, Ohio

PamRoger
    $600 9
pentatonic

Pam
    $600 16
(Cal) Ripken

Roger
    $600 19
(Sir Arthur Conan) Doyle

Alex
    $2,600 13
(Willy) Loman

Alex
    $800 1
kilowatt hours

Alex
    $800 2
the Adriatic

Roger
    $800 5
pennywise

Pam
    $800 10
Boston Garden

Roger
    $800 7
Renoir

Roger
    $800 12
(Sam) Shepard

Alex
    $1000 8
Super 8 (or 8 millimeter)

Roger
    $1000 3
the Philippines

Triple Stumper
    $1000 6
penumbra

Alex
    $1000 17
(Alex Trebek: My hero.)

(Gordie) Howe

Roger
    $1000 18
(Alex Trebek: And that title was [*]. Back to you, Roger.)
(Roger: There's been a lot of that.)

Gamesmanship

Triple Stumper
    $1000 15
Moliere

Alex

Scores at the first commercial break (after clue 15):

Team Buzzy Team Colby Team Austin
$6,400 $2,600 $2,800

Scores at the end of the Jeopardy! Round:

Team Buzzy Team Colby Team Austin
$8,800 $2,600 $5,600

Double Jeopardy! Round responses

UNPHARAOHS
SHOW BIZ
TAXONOMY
IDIOMS DELIGHT
ARTS & CULTURE
TRIOS
    $400 13
Ramses

Buzzy
    $400 23
RuPaul

Buzzy
    $400 25
(Austin: What are ungulates?)

bovines

ColbyAustin
    $400 26
(Buzzy: What's [*]?)
(Alex: [Overlapping with Buzzy] Fork in the road, yes.)
(Buzzy: Fork in the road.)

a fork (in the road)

Buzzy
    $400 28
Mozart

Austin
    $400 30
The Three Tenors

Austin
    $800 19
Tutankhamen

Buzzy
    $800 8
Outlander

Austin
    $800 22
fly

Colby
    $800 27
the driver's seat

Buzzy
    $800 24
porcelain

Colby
    $800 29
(Buzzy: What are Newton's Laws?)
(Alex: Be more--)
(Buzzy: [*].)

Newton's Three Laws of Motion

Buzzy
    $1200 20
cats

Austin
    $1200 2
Snickers

Colby
    $1200 10
(Buzzy: What is English oak?)
...
(Alex: Yes. "Alba".)
(Colby: "Alba", yeah. Didn't have any real knowledge on that.)
[Laughter]

a white oak

BuzzyColby
    $1200 3
(Alex: You're as mad as [*], aren't you?)
(Colby: No, I'm actually feeling okay right now.)

a wet hen

Triple Stumper
    $1200 7
George Balanchine

Triple Stumper
    $1200 17
Cream

Austin
    $4,000 12
(Colby: This king, so the temple, so I'm gonna say who is [*]?)

Solomon

Colby
    $1600 5
Freddie Prinze Jr.

Austin
    $1600 9
kingdom

Austin
    $1600 4
hands down

Austin
    $1600 6
Wynton Marsalis

Austin
    $2,600 1
(Colby: Submerged... so what are [*]?)

the Three Gorges of Three Gorges Dam

Colby
    $2000 11
Akhenaton

Colby
    $2000 21
(Buzzy: Who is Coppola--[*]?)

Sofia Coppola

Buzzy
    $2000 18
arthropods

Colby
    $2000 15
follow suit

Buzzy
    $2000 14
St. Cecilia

Buzzy
    $2000 16
the West Memphis 3

Colby

Scores at the end of the Double Jeopardy! Round:

Team Buzzy Team Colby Team Austin
$17,200 $19,600 $15,600

Final Jeopardy! Round responses

BRITISH LITERATURE
(Alex: [To Alan] The correct response referred to William Blake's poem "The Tyger". And the line--the chapter was [*].)
LeonardWhat is
$10,400
JenniferWhat is king king
$17,200
AlanWhat is
$12,000
"Tiger! Tiger!"

Final scores:

Team Buzzy Team Colby Team Austin
$0 $7,600 $5,200

Game dynamics:

Coryat scores:

Team Buzzy Team Colby Team Austin
$15,200 $16,200 $15,600
Alex Pam Roger
$6,800 $2,600 $5,600
Buzzy Colby Austin
$8,400 $13,600 $10,000
22 R
(including 1 DD),
1 W
15 R
(including 2 DDs),
1 W
19 R,
2 W

Combined Coryat: $47,000

[game clues] [game scores] [suggest correction]

Game tape date: 2019-01-09
The J! Archive is created by fans, for fans. Scraping, republication, monetization, and malicious use prohibited; this site may use cookies and collect identifying information. See terms. The Jeopardy! game show and all elements thereof, including but not limited to copyright and trademark thereto, are the property of Jeopardy Productions, Inc. and are protected under law. This website is not affiliated with, sponsored by, or operated by Jeopardy Productions, Inc. Join the discussion at JBoard.tv.